Acción de gracias (Registro nro. 4451)
[ vista simple ]
| 000 -CABECERA | |
|---|---|
| Longitud fija campo de control | 01163nam a2200289Ia 4500 |
| 001 - NÚMERO DE CONTROL | |
| Número de control | 371986 |
| 003 - IDENTIFICADOR DEL NÚMERO DE CONTROL | |
| Identificador del número de control | EC-QuCCB |
| 005 - FECHA Y HORA DE LA ÚLTIMA TRANSACCIÓN | |
| Fecha y hora de la última transacción | 20231110114741.0 |
| 007 - CAMPO FIJO DE DESCRIPCIÓN FÍSICA--INFORMACIÓN GENERAL | |
| Campo fijo de descripción física | ta |
| 008 - DATOS DE LONGITUD FIJA--INFORMACIÓN GENERAL | |
| Códigos de información de longitud fija | 130917s1971 ec a gr 001 pdspa d |
| 040 ## - FUENTE DE LA CATALOGACIÓN | |
| Centro catalogador de origen | EC-QuCCB |
| 041 0# - CÓDIGO DE LENGUA | |
| Código de lengua del texto;banda sonora o título independiente | spa |
| 082 0# - NÚMERO DE LA CLASIFICACIÓN DECIMAL DEWEY | |
| Número de clasificación | Ec861 |
| Número de documento | B2759 |
| 084 ## - OTRO NÚMERO DE CLASIFICACIÓN | |
| Número de clasificación | MICCEc000034 |
| 100 1# - ENTRADA PRINCIPAL--NOMBRE DE PERSONA | |
| Nombre de persona | Barriga López, Leonardo, |
| Fechas asociadas con el nombre | 1936- |
| 9 (RLIN) | 10103 |
| 245 10 - MENCIÓN DE TÍTULO | |
| Título | Acción de gracias |
| Mención de responsabilidad, etc. | Leonardo Barriga López |
| 260 ## - PUBLICACIÓN, DISTRIBUCIÓN, ETC. (PIE DE IMPRENTA) | |
| Lugar de publicación, distribución, etc. | Quito, Ecuador : |
| Nombre del editor, distribuidor, etc. | Casa de la Cultura Ecuatoriana, |
| Fecha de publicación, distribución, etc. | 1971 |
| 300 ## - DESCRIPCIÓN FÍSICA | |
| Extensión | 59 páginas : |
| Otros detalles físicos | ilustraciones ; |
| Dimensiones | 29 cm |
| 336 ## - TIPO DE CONTENIDO | |
| Content type term | texto |
| Content type code | txt |
| 337 ## - TIPO DE MEDIO | |
| Media type term | no mediado |
| Media type code | n |
| 338 ## - TIPO DE PORTADOR | |
| Carrier type term | volumen |
| Carrier type code | nc |
| 490 0# - MENCIÓN DE SERIE | |
| Mención de serie | Pachacamac |
| 505 0# - NOTA DE CONTENIDO CON FORMATO | |
| Nota de contenido con formato preestablecido | Insomio -- Bohemia -- Crucifixión -- Carta a mi madre -- Elegía a José Bedoya -- Saudade -- Grito -- Las raíces del viento: Instante1: el llamado, Instante 2: el alba, Instante3: el viento galopaba, Instante 4: retorno, Instante5: el grito , Instante 6: lo importante de ser àrbol , Instante 7: el hombre -- Todos van al silencio -- Más allá de los gritos -- Elegía a Luther King -- Acción de gracias. |
| 590 ## - NOTA LOCAL (RLIN) | |
| Nota local | jcc |
| 650 #4 - PUNTO DE ACCESO ADICIONAL DE MATERIA--TÉRMINO DE MATERIA | |
| 9 (RLIN) | 15035 |
| Nombre de materia o nombre geográfico como elemento de entrada | Poesía ecuatoriana |
| 942 ## - ELEMENTOS DE PUNTO DE ACCESO ADICIONAL (KOHA) | |
| Fuente de clasificaión o esquema | Número de Clasificación Local |
| Koha [por defecto] tipo de item | Monografía |
| Suprimido | Perdido | Fuente de clasificación o esquema | Estropeado | Restricciones de uso | No se presta | Koha Colección | Localización (Biblioteca) | Localización actual | Localización en estanterías | Fecha adquisición | Fuente de adquisición | Clasificación completa | Designación de pieza (código de barras) | Fecha última consulta | Número de ejemplar | Fecha del precio de reemplazo | Tipo de item de Koha |
|---|---|---|---|---|---|---|---|---|---|---|---|---|---|---|---|---|---|
| Disponible | Dewey Decimal Classification | Sin daños | Disponible para préstamo | Biblioteca CCE - El Oro | Biblioteca CCE - El Oro | En Col. | 21/08/2015 | Ec861 B2759 | CCEORO'002557 | 21/08/2015 | Ej. 1 | 21/08/2015 | Monografía | ||||
| Disponible | Dewey Decimal Classification | Sin daños | Disponible para préstamo | Biblioteca CCE - El Oro | Biblioteca CCE - El Oro | En Col. | 21/08/2015 | Ec861 B2759 | CCEORO'002558 | 21/08/2015 | Ej. 2 | 21/08/2015 | Monografía | ||||
| Disponible | Dewey Decimal Classification | Sin daños | Disponible para préstamo | Biblioteca CCE - Imbabura | Biblioteca CCE - Imbabura | En Col. | 18/05/2016 | Ec861 B2759 | 18/05/2016 | Ej. 1 | 18/05/2016 | Monografía | |||||
| Disponible | Dewey Decimal Classification | Sin daños | Disponible para préstamo | Biblioteca CCE - Imbabura | Biblioteca CCE - Imbabura | En Col. | 18/05/2016 | Ec861 B2759 | 18/05/2016 | Ej. 2 | 18/05/2016 | Monografía | |||||
| Disponible | Dewey Decimal Classification | Sin daños | Disponible para préstamo | Biblioteca CCE - Los Ríos | Biblioteca CCE - Los Ríos | En Col. | 10/09/2015 | Ec861 B2759 | CCE-RIOS15095320 | 10/09/2015 | Ej.1 | 10/09/2015 | Monografía | ||||
| Disponible | Dewey Decimal Classification | Sin daños | Disponible para préstamo | Biblioteca CCE - Tungurahua | Biblioteca CCE - Tungurahua | En Col. | 03/02/2015 | Ec861 B2759 | CCETUN-000114 | 03/02/2015 | Ej. 1 | 03/02/2015 | Monografía | ||||
| Disponible | Número de Clasificación Local | Sin daños | Acceso Restringido | No para préstamo | REPOSITORIO DE LA MEMORIA INSTITUCIONAL | Biblioteca y Archivo de la CCE | Biblioteca y Archivo de la CCE | REPOSITORIO DE LA MEMORIA INSTITUCIONAL | 10/11/2023 | Donación Sra. Laura de Crespo | MICCEc000034 | 0006034 | 17/09/2013 | Ej. 1 | 10/11/2023 | Monografía | |
| Disponible | Número de Clasificación Local | Sin daños | Disponible para préstamo | LENGUAS y LITERATURA | Biblioteca y Archivo de la CCE | Biblioteca y Archivo de la CCE | LENGUAS y LITERATURA | 10/11/2023 | FER2Lc000085 | 17/09/2013 | Ej. 2 | 10/11/2023 | Monografía | ||||
| Disponible | Número de Clasificación Local | Sin daños | Disponible para préstamo | LENGUAS y LITERATURA | Biblioteca y Archivo de la CCE | Biblioteca y Archivo de la CCE | LENGUAS y LITERATURA | 10/11/2023 | FER2Lc000085 | 04/08/2015 | Ej. 3 | 10/11/2023 | Monografía |























